Sledujeme zpravodajství v angličtině 1

Saved in:
Bibliographic Details
Main Author: Otto, Barbara
Other Authors: Otto, Marcin
Format: Book
Language:English
Published: Havličkův Brod Fragment 2000
Edition:2. vyd.
Subjects:
Online Access:View in OPAC
Tags: Add Tag
No Tags, Be the first to tag this record!

MARC

LEADER 00000nam a2200000 a 4500
005 20260127134226.0
008 050725 2000 xr 000 0 eng d
020 |a 8072005111 
035 |a vtls008186127 
039 9 |y 200507250959  |z mschk03 
040 |a STUSCHK1  |b slo  |c STUSCHK1  |e AACR2 
080 |a 802.0 
100 1 |a Otto, Barbara 
245 1 |a Sledujeme zpravodajství v angličtině 1 
250 |a 2. vyd. 
260 |a Havličkův Brod  |b Fragment  |c 2000 
300 |a 331 s. 
650 0 |a angličtina 
700 1 |a Otto, Marcin 
910 |a SCHK95 
919 |a 80-7200-511-1 
999 |c 7198  |d 7198